[Event "Michigan Open"]
[Site "Lansing, MI"]
[Date "2002.09.01"]
[Round "3.43"]
[White "Katsuhara, Osamu"]
[Black "Garrison, Ray"]
[Result "0-1"]
[WhiteElo "1790"]
[BlackElo "1882"]
[PlyCount "65"]
[EventDate "2002.08.30"]

1. e4 e6 2. d4 d5 3. Nd2 Nf6 4. e5 Nfd7 5. Bd3 c5 6. c3 Nc6 7. Ne2 cxd4 8. cxd4
f6 9. exf6 Qxf6 10. Nf3 Bd6 11. Bg5 Qf7 12. O-O O-O 13. Bh4 Nf6 14. Bg3 Bxg3
15. Nxg3 Bd7 16. Rc1 Rae8 17. Ng5 Qe7 18. Nh5 g6 19. Nxf6+ Qxf6 20. Nf3 Rf7 21.
Bb1 Rfe7 22. Qd2 Kg7 23. Rcd1 Nd8 24. Ne5 Nf7 25. Rfe1 Rf8 26. Rc1 Nxe5 27.
Rxe5 Ref7 28. f3 Bc6 29. Rce1 Bd7 30. Qb4 b6 31. Bc2 Rc8 32. Bd3 Qf4 33. Ba6
0-1

[Event "Michigan Open"]
[Site "Lansing, MI"]
[Date "2002.09.01"]
[Round "1.43"]
[White "Katsuhara, Osamu"]
[Black "Baze, Lineas"]
[Result "1-0"]
[WhiteElo "1790"]
[BlackElo "2000"]
[PlyCount "69"]
[EventDate "2002.08.30"]

{Sicilian: Pelikan (Chelyabinsk)} 1. e4 c5 2. Nf3 Nc6 3. d4 cxd4 4. Nxd4 Nf6 5.
Nc3 e5 6. Ndb5 d6 7. Bg5 a6 8. Na3 b5 9. Nd5 Be7 10. Bxf6 Bxf6 11. c3 O-O 12.
Nc2 Bg5 13. a4 bxa4 14. Rxa4 Ne7 15. Nce3 Bb7 16. Be2 Nxd5 17. Nxd5 f5 18. Bf3
Kh8 19. O-O Bc6 20. Ra3 Bh4 21. Qd3 Bxd5 22. Qxd5 Qb6 23. Rb3 Qa7 24. g3 fxe4
25. Bxe4 Bg5 26. Qxd6 Rad8 27. Qxe5 Bf6 28. Qh5 g6 29. Bxg6 Qg7 30. Be4 Rd7 31.
Rb6 Bd8 32. Rh6 Qg5 33. Rxh7+ Kg8 34. Qxg5+ Bxg5 35. Rxd7 1-0

[Event "Michigan Open"]
[Site "Lansing, MI"]
[Date "2002.09.01"]
[Round "5.15"]
[White "Karakus, Köksal"]
[Black "Farmand, Farnood"]
[Result "1-0"]
[WhiteElo "1918"]
[BlackElo "1693"]
[PlyCount "125"]
[EventDate "2002.08.30"]

1. e4 e5 2. Nf3 Nf6 3. Nc3 Nc6 4. Bc4 Bc5 5. O-O O-O 6. d3 h6 7. Ne2 d6 8. c3
Na5 9. Bb5 a6 10. Ba4 Ba7 11. h3 b5 12. Bc2 c5 13. Ng3 Nc6 14. Nh2 d5 15. exd5
Qxd5 16. Ng4 Nxg4 17. hxg4 c4 18. Qe2 cxd3 19. Bxd3 Qd6 20. Nf5 Qf6 21. Qf3
Bxf5 22. gxf5 Rad8 23. Be4 Nb8 24. g3 Nd7 25. b4 Qe7 26. a4 Nf6 27. Bc2 e4 28.
Qe2 Rfe8 29. axb5 axb5 30. Be3 Bxe3 31. Qxe3 Nd5 32. Qd4 e3 33. Ra7 Qg5 34. Bb3
exf2+ 35. Qxf2 Re3 36. Kg2 Rde8 37. Bxd5 Re2 38. Bxf7+ Kf8 39. Bxe8 Rxf2+ 40.
Rxf2 Kxe8 41. Rc7 Qd8 42. Rc5 h5 43. Re5+ Kf7 44. Rf4 Qd1 45. Rf2 Qg4 46. Rfe2
h4 47. R5e4 Qxg3+ 48. Kh1 Qxc3 49. Rxh4 Qf3+ 50. Rg2 Qxf5 51. Rhg4 g6 52. Kg1
Qb1+ 53. Kf2 Kf6 54. Rxg6+ Ke5 55. R2g4 Kd5 56. R6g5+ Kc6 57. Rc5+ Kb6 58. Rf4
Qb2+ 59. Kf3 Qb3+ 60. Kg4 Qg8+ 61. Rg5 Qc8+ 62. Rgf5 Qd7 63. Re4 1-0

[Event "Michigan Open"]
[Site "Lansing, MI"]
[Date "2002.09.01"]
[Round "4.8"]
[White "Kahn, Aaron"]
[Black "Viswanathan, Kartik"]
[Result "0-1"]
[WhiteElo "1821"]
[BlackElo "2148"]
[PlyCount "56"]
[EventDate "2002.08.30"]

1. c4 e6 2. g3 d5 3. Bg2 Nf6 4. Nf3 c5 5. b3 Nc6 6. Bb2 d4 7. O-O e5 8. a3 Bd6
9. b4 cxb4 10. axb4 Nxb4 11. c5 Bc7 12. e3 dxe3 13. fxe3 Nd3 14. Ba3 Bd7 15.
Nc3 Bc6 16. Qb3 Qd7 17. Rab1 O-O 18. Nb5 e4 19. Nxc7 exf3 20. Bxf3 Bxf3 21.
Rxf3 Ne5 22. Rxf6 gxf6 23. Nd5 Kg7 24. d4 Nf3+ 25. Kg2 Nd2 26. Qxb7 Qf5 27. Rd1
Qe4+ 28. Kf2 Rfd8 0-1

[Event "Michigan Open Reserve"]
[Site "Lansing, MI"]
[Date "2002.09.01"]
[Round "4.7"]
[White "Jones, Avery"]
[Black "Cox, Nick"]
[Result "0-1"]
[WhiteElo "1674"]
[BlackElo "1589"]
[PlyCount "112"]
[EventDate "2002.08.30"]

1. d4 Nf6 2. Nf3 g6 3. Bg5 Bg7 4. e3 O-O 5. Be2 d6 6. O-O Nc6 7. c4 e5 8. Nc3
exd4 9. exd4 Bf5 10. Bd3 Qd7 11. a3 Rfe8 12. Qd2 Ne4 13. Nxe4 Bxe4 14. Bxe4
Rxe4 15. Rfe1 Rae8 16. Be3 b6 17. Rab1 d5 18. cxd5 Qxd5 19. Red1 Rd8 20. Rbc1
Rd7 21. Qd3 Nxd4 22. Nxd4 Bxd4 23. Qa6 c5 24. h3 Qe5 25. Qc8+ Qe8 26. Qxe8+
Rxe8 27. Bxd4 cxd4 28. Rc2 f5 29. Kf1 Kf7 30. Rcd2 Red8 31. Rd3 Ke6 32. f4 Rd5
33. Kf2 R8d6 34. b4 a5 35. bxa5 Rxa5 36. h4 Ra4 37. R1d2 Kd5 38. Rd1 Ke4 39.
R1d2 Kxf4 40. g3+ Ke4 41. Rf3 Rc6 42. Rf4+ Kd5 43. Rf3 b5 44. Rfd3 Ke4 45. Rf3
Rc3 46. Re2+ Kd5 47. Rd2 Rxf3+ 48. Kxf3 Rxa3+ 49. Kf4 b4 50. g4 fxg4 51. Kxg4
b3 52. Kg5 Ra2 53. Rd1 b2 54. Rb1 Kc4 55. Kh6 Kc3 56. Kxh7 Ra1 0-1

[Event "Michigan Open Reserve"]
[Site "Lansing, MI"]
[Date "2002.09.01"]
[Round "5.24"]
[White "Johnson, Marshall"]
[Black "Aldrich, Justin"]
[Result "0-1"]
[WhiteElo "1362"]
[BlackElo "1610"]
[Annotator "Marshall Johnson"]
[PlyCount "72"]
[EventDate "2002.08.30"]

{Reti} 1. Nf3 Nc6 2. g3 e5 3. d3 Nf6 4. Bg2 Bc5 5. c4 O-O 6. O-O d6 7. Nc3 a6
8. a3 h6 9. b4 Ba7 10. b5 axb5 11. Nxb5 Bb6 12. Bd2 Nh7 13. Bc3 f5 14. Qb3 Be6
15. Rfb1 f4 16. Nxc7 Bxc7 17. Qxb7 Na5 18. Bxa5 Bxa5 19. Rb5 Rf7 20. Qe4 Bf5 $2
21. Qd5 $2 ({Fritz gives:} 21. Qxa8 Qxa8 22. Nxe5 Qc8 23. Rxa5 dxe5 24. Ra8 $11
) 21... Nf6 22. Nxe5 $4 ({Again, what's called for is:} 22. Qxa8 Qxa8 23. Nxe5
Qc8 24. Nxf7 Bc7 $17) 22... Nxd5 23. Nxf7 Kxf7 24. Bxd5+ Kf6 25. Bxa8 Qxa8 26.
Rd5 fxg3 27. hxg3 Bc7 28. a4 Bg4 29. f3 Qa7+ {And now it has become apparent
that the weakness of the black squares around White's king far outweigh his
outside passed pawn and control of the central white squares.} 30. Kg2 Be6 31.
Rb5 Qe3 {And now it's all over, but the shoutin'. The White rooks are helpless
versus the queen and bishop pair.} 32. Ra2 Bb6 33. Rxb6 Qxb6 34. a5 Qb3 35. Ra1
Qb2 36. Re1 Qd2 0-1

[Event "Michigan Open Reserve"]
[Site "Lansing, MI"]
[Date "2002.09.01"]
[Round "4.10"]
[White "Johnson, Johnny"]
[Black "Goetz, Robert"]
[Result "0-1"]
[WhiteElo "1506"]
[BlackElo "1614"]
[PlyCount "92"]
[EventDate "2002.08.30"]

1. e4 c6 2. d4 d5 3. e5 Bf5 4. Bd3 Bxd3 5. Qxd3 e6 6. Ne2 Nd7 7. Bf4 Ne7 8. Ng3
Ng6 9. Bd2 Be7 10. f4 O-O 11. O-O c5 12. c3 Qb6 13. b3 a5 14. Be3 c4 15. bxc4
dxc4 16. Qc2 Qc6 17. Nd2 Nb6 18. Nf3 Nd5 19. Qd2 Nh4 20. Nxh4 Bxh4 21. Rf3 g6
22. Ne4 f5 23. Nf2 b5 24. Rh3 Be7 25. g4 b4 26. cxb4 axb4 27. Re1 Ra3 28. gxf5
exf5 29. Qe2 Nc3 30. Qf3 Qxf3 31. Rxf3 Rxa2 32. Nd1 Ra1 33. Nxc3 Rxe1+ 34. Kf2
Bh4+ 35. Rg3 Bxg3+ 36. hxg3 Rxe3 37. Kxe3 bxc3 38. d5 Ra8 39. e6 Kf8 40. Kd4 c2
41. d6 c1=Q 42. Kd5 Qc2 43. Ke5 Qc3+ 44. Kd5 Ra5+ 45. Kc6 Qb4 46. e7+ Ke8 0-1

[Event "Michigan Open Booster"]
[Site "Lansing, MI"]
[Date "2002.09.01"]
[Round "5.13"]
[White "Johnson, David"]
[Black "Pratt, Gary"]
[Result "0-1"]
[WhiteElo "429"]
[BlackElo "988"]
[PlyCount "74"]
[EventDate "2002.08.30"]

1. Nf3 c5 2. g3 d5 3. Bg2 Nc6 4. O-O e5 5. d3 Nf6 6. Nc3 d4 7. Na4 b5 8. Nxc5
Bxc5 9. c3 Rb8 10. cxd4 Bxd4 11. Nxd4 Nxd4 12. Be3 O-O 13. Bxd4 Qxd4 14. e3
Qxb2 15. Qb3 Qxb3 16. axb3 Be6 17. b4 Rfd8 18. Rfd1 Bd5 19. e4 Bb3 20. Rd2 Rd7
21. Rb1 Bc4 22. Rbd1 Rbd8 23. Bh3 Rxd3 24. Bc8 Rxd2 25. Rxd2 Rxd2 26. Ba6 Rb2
27. f4 exf4 28. gxf4 Nxe4 29. f5 Kf8 30. h4 Ke7 31. h5 Kf6 32. Bc8 Kg5 33. h6
gxh6 34. Bd7 Kg4 35. f6+ Kg3 36. Bh3 Rb1+ 37. Bf1 Rxf1# 0-1

[Event "Michigan Open Booster"]
[Site "Lansing, MI"]
[Date "2002.09.01"]
[Round "4.9"]
[White "Johnson, David"]
[Black "Droge-Germain, Kurtis"]
[Result "1/2-1/2"]
[WhiteElo "429"]
[BlackElo "1168"]
[Annotator "Marshall Johnson"]
[PlyCount "90"]
[EventDate "2002.08.30"]

1. Nf3 d5 2. g3 c5 3. Bg2 Nc6 4. O-O Bf5 5. d4 e6 6. dxc5 Bxc5 7. Bg5 Nf6 8. c3
a5 9. Nd4 Bxb1 10. Rxb1 Qb6 11. Nxc6 bxc6 12. Bxf6 gxf6 13. b4 axb4 14. cxb4
Bd6 15. Qb3 O-O 16. Qf3 Be7 17. Qg4+ Kh8 18. e4 Rxa2 19. exd5 Rg8 20. Qf3 cxd5
21. Qc3 d4 22. Qb3 Raa8 23. Bxa8 Rxa8 24. Rfd1 $1 f5 25. Rd2 Bf6 26. Ra2 Rg8
27. b5 f4 28. Ra6 $1 Qc5 29. b6 fxg3 30. hxg3 Be5 31. b7 Rb8 32. Ra8 $1 Qf8 33.
Rba1 $1 Qd8 34. f4 d3 35. fxe5 Qd4+ 36. Kf1 Qe3 37. Rxb8+ Kg7 38. Rd8 Qe2+ 39.
Kg1 Qe3+ 40. Kh2 Qe2+ 41. Kh3 Qh5+ 42. Kg2 Qe2+ 43. Kg1 Qe3+ 44. Kf1 Qe2+ 45.
Kg1 Qe3+ 1/2-1/2

[Event "Michigan Open"]
[Site "Lansing, MI"]
[Date "2002.09.01"]
[Round "4.11"]
[White "Jarosz, Stan"]
[Black "Karakus, Köksal"]
[Result "1-0"]
[WhiteElo "1964"]
[BlackElo "1918"]
[PlyCount "151"]
[EventDate "2002.08.30"]

1. d4 Nf6 2. c4 g6 3. Nc3 Bg7 4. Nf3 d5 5. Bg5 Ne4 6. cxd5 Nxg5 7. Nxg5 e5 8.
Nf3 exd4 9. Nxd4 c6 10. e3 cxd5 11. Bb5+ Bd7 12. Qa4 O-O 13. O-O Be6 14. Rfd1
Qb6 15. Qb3 Rd8 16. Rac1 a6 17. Bc4 Qxb3 18. Bxb3 Nc6 19. Nxc6 bxc6 20. Na4 Rd6
21. Rc5 Rb8 22. Rdc1 Bd7 23. g3 Bh6 24. Kg2 Rf6 25. Rd1 Bg4 26. Rd4 Bf3+ 27.
Kg1 Re8 28. Rc3 g5 29. Nc5 g4 30. Bd1 Rf5 31. Bxf3 gxf3 32. Nxa6 Bg7 33. Rg4 h5
34. Rxg7+ Kxg7 35. h4 Rf6 36. Nc5 d4 37. Rd3 dxe3 38. Rxe3 Rxe3 39. fxe3 Rf5
40. b4 f2+ 41. Kf1 Rf3 42. a4 Rxe3 43. Kxf2 Rc3 44. a5 Rc4 45. Nd3 Kf6 46. a6
Kf5 47. Ke3 Rc3 48. Kd4 Ra3 49. Nc5 f6 50. Kc4 Rxg3 51. Nb3 Ke4 52. a7 Rg8 53.
Kc5 Rc8 54. Kb6 f5 55. Kb7 Rd8 56. Kxc6 f4 57. b5 Ke3 58. b6 f3 59. b7 f2 60.
b8=Q Rxb8 61. axb8=Q f1=Q 62. Qe5+ Kf2 63. Nd4 Qa6+ 64. Kd7 Qa4+ 65. Ke6 Qe8+
66. Kf5 Qf7+ 67. Kg5 Qg8+ 68. Kxh5 Qf7+ 69. Kg5 Qg8+ 70. Kf5 Qh7+ 71. Kg4 Qg8+
72. Qg5 Qc4 73. Qf4+ Kg2 74. Qd2+ Kh1 75. Qe1+ Kg2 76. Qe2+ 1-0

[Event "Michigan Open Booster"]
[Site "Lansing, MI"]
[Date "2002.09.01"]
[Round "4.12"]
[White "Homister, Justin"]
[Black "Culverson, Javin"]
[Result "0-1"]
[WhiteElo "522"]
[BlackElo "1127"]
[PlyCount "51"]
[EventDate "2002.08.30"]

1. Nf3 Nf6 2. Nc3 c5 3. e3 d5 4. d4 Bg4 5. Bb5+ Nbd7 6. O-O e6 7. dxc5 a6 8.
Ba4 Bxc5 9. Bd2 b5 10. Bb3 Ne5 11. Re1 Bxf3 12. gxf3 Nc4 13. Rc1 Nxb2 14. Qe2
Nc4 15. a4 Qb6 16. e4 O-O 17. exd5 exd5 18. axb5 Rfe8 19. Qf1 Nxd2 20. Qh3
Bxf2+ 21. Kh1 Rxe1+ 22. Rxe1 Bxe1 23. bxa6 Qf2 24. Bxd5 Nxd5 25. Nxd5 Nxf3 26.
Qd7 0-1

[Event "Michigan Open Reserve"]
[Site "Lansing, MI"]
[Date "2002.09.01"]
[Round "5.3"]
[White "Homa, Seth"]
[Black "Nelson, Peter"]
[Result "1-0"]
[WhiteElo "1609"]
[BlackElo "1383"]
[PlyCount "115"]
[EventDate "2002.08.30"]

1. e4 c5 2. Nf3 Nc6 3. d4 cxd4 4. Nxd4 Nf6 5. Nc3 e5 6. Ndb5 d6 7. Bg5 a6 8.
Na3 b5 9. Bxf6 gxf6 10. Nd5 f5 11. exf5 Bxf5 12. c3 Bg7 13. Nc2 O-O 14. Nce3
Bg6 15. h4 f5 16. h5 Be8 17. h6 Bf6 18. Nxf5 Bg5 19. Nde3 Bxe3 20. Nxe3 Qf6 21.
Qf3 Qxf3 22. gxf3 Rxf3 23. Rg1+ Kh8 24. Bg2 Rf6 25. Nd5 Rg6 26. Nc7 Rc8 27.
Nxe8 Rxe8 28. O-O-O Reg8 29. Bxc6 Rxg1 30. a4 Rxd1+ 31. Kxd1 bxa4 32. Bxa4 Rg6
33. b4 Rxh6 34. c4 Rh4 35. Bb3 d5 36. b5 axb5 37. c5 Rh6 38. Bxd5 Rf6 39. Ke2
Rf8 40. Be6 Kg7 41. c6 Kf6 42. Bg4 h5 43. Bxh5 Rc8 44. Bf3 Ke6 45. Bg4+ Kd6 46.
Bxc8 Kxc6 47. Be6 Kd6 48. Bg8 Kc5 49. Ke3 b4 50. Ke4 Kd6 51. Bb3 Kc5 52. Kxe5
Kc6 53. Ke6 Kc5 54. f4 Kd4 55. f5 Kc3 56. Bd5 b3 57. Bxb3 Kxb3 58. f6 1-0

[Event "Michigan Open Reserve"]
[Site "Lansing, MI"]
[Date "2002.09.01"]
[Round "6.1"]
[White "Homa, Seth"]
[Black "Laurin, Edward"]
[Result "1/2-1/2"]
[WhiteElo "1609"]
[BlackElo "1757"]
[Annotator "Edward Laurin"]
[PlyCount "112"]
[EventDate "2002.08.30"]

{Irregular King's Pawn: Owen} 1. e4 b6 {The Owen's Defense is one of the
weaker chess openings and I normally don't play it. In this case though I
decided to take Seth out of his opening lines, especially when I saw him and
his friends exploring lines in the Sicilian, the opening I was playing at the
Open, before hand!} 2. d4 Bb7 3. Bd3 Nf6 4. Qe2 e6 5. Nf3 c5 6. c3 cxd4 7. cxd4
Nc6 8. O-O (8. Nc3 {develops and holds the bishop pair.}) 8... Nb4 {This seems
like a loss of time but in the Owens getting the bishop pair off is a big
accomplishment.} 9. Nc3 Nxd3 10. Qxd3 Qc8 11. Re1 Bb4 12. Bd2 Ba6 13. Qe3 Bxc3
({My idea was to play} 13... Qc4 {here but I didn't notice until now that} 14.
Ne5 $1 {foils that idea and gives the initiative to White, so in hindsight 10.
Qc8?! is an error.}) 14. Bxc3 O-O 15. Bb4 Re8 16. Bd6 $2 {Taking the c-file is
best here.} Qc2 17. Qd2 Rac8 18. Rac1 Qxd2 {I offered a draw here, two hours
into the game, considering the pawns were equal, the rooks were about to come
of the board and we both had opposite color bishops. Seth declined, rightfully
so as White does have a small edge here.} 19. Nxd2 Rxc1 20. Rxc1 Rc8 21. Rxc8+
Bxc8 22. f3 Bb7 23. Nc4 Ne8 24. Bb8 d5 25. Nd2 a6 26. Kf2 Kf8 27. Ke3 Ke7 28.
Ba7 b5 {Black's bishop is now in a tomb but he has a route out with ...dxe4.}
29. Nb3 Nd6 30. Bc5 Kd7 31. Bxd6 $2 {Now the game is a dead draw, in fact
Black probably has a small plus once he gets his bishop free - which he will.}
Kxd6 32. e5+ Kc7 33. Nc5 b4 34. Kd3 a5 {Now, Black has a route out for his
bishop. White has to get the pawns off one side of the board before Black can
get it activated.} 35. Kc2 Bc6 36. Kb3 Bb5 37. a3 bxa3 38. Kxa3 Kb6 39. b4
axb4+ {Once again I offered a draw to Seth in a clearly drawn position. He
declined because he was a half point behind me. We are now four hours into the
game.} 40. Kxb4 Bf1 41. g3 Kc6 42. Ka5 g5 43. h4 gxh4 44. gxh4 Be2 45. f4 Kc7
46. Kb4 Kd8 47. Kc3 Ke7 48. Kd2 Bg4 49. Ke3 f6 50. Kf2 fxe5 51. fxe5 Kf7 52.
Kg3 Bf5 53. h5 h6 54. Kf4 Ke7 55. Nb7 Bc2 56. Kg3 (56. -- {This is forced
since after} Bd1 {White's king would have no way back to protect the h-pawn.})
56... Bd1 {Finally Seth accepted the draw after five hours of play!} 1/2-1/2

[Event "Michigan Open Reserve"]
[Site "Lansing, MI"]
[Date "2002.09.01"]
[Round "4.19"]
[White "Hodge, Larry"]
[Black "Nicolli, Randy"]
[Result "0-1"]
[WhiteElo "1339"]
[BlackElo "1672"]
[PlyCount "90"]
[EventDate "2002.08.30"]

1. c4 f5 2. Nc3 e5 3. d3 Nf6 4. Bg5 Be7 5. g3 O-O 6. e3 d6 7. Bg2 Nbd7 8. b4 h6
9. Bxf6 Nxf6 10. Nge2 c6 11. Qb3 Be6 12. O-O Qd7 13. Rfd1 d5 14. a3 d4 15. exd4
exd4 16. Nb1 a5 17. Nd2 Ra7 18. Qb2 c5 19. b5 b6 20. a4 g5 21. Nf3 Bd6 22. Qd2
Nh5 23. h4 g4 24. Nh2 f4 25. gxf4 Nxf4 26. Nxf4 Bxf4 27. Qe2 h5 28. Rf1 Qd6 29.
Qxe6+ Qxe6 30. Bd5 Qxd5 31. cxd5 Rd7 32. Rae1 Rxd5 33. Kg2 Rd6 34. Rh1 Rdf6 35.
Nf1 Bc7 36. Re2 Rf3 37. Rd2 Bf4 38. Rd1 Bh6 39. Ng3 Rxf2+ 40. Kg1 Be3 41. Ne4
Rd2+ 42. Nf2 Rxd1+ 43. Kg2 Rxf2+ 44. Kg3 Rf3+ 45. Kg2 Rd2# 0-1

[Event "Michigan Open Reserve"]
[Site "Lansing, MI"]
[Date "2002.09.01"]
[Round "4.44"]
[White "Hershberger, Kent"]
[Black "Forshee, Dan"]
[Result "1-0"]
[WhiteElo "1474"]
[BlackElo "1370"]
[Annotator "Tim McGrew"]
[PlyCount "55"]
[EventDate "2002.08.30"]

{Sicilian: Pelikan} 1. e4 c5 2. Nf3 Nc6 3. d4 cxd4 4. Nxd4 Nf6 5. Nc3 e5 {Very
fashionable. But is it a good opening for club players? I have my doubts, and
they are reinforced by this game.} 6. Nxc6 $6 ({Rarely played, and with good
reason as we shall see. But in the game it works out fine -- because Black,
who probably knows reams of theory after} 6. Ndb5 {, is confused by this
nonstandard move.}) 6... bxc6 7. Bc4 Be7 $6 {This move lacks bite.} ({Black
needs to play} 7... Bb4 $1 {undermining White's control of e4 and d5, after
which White may not be able to equalize.}) 8. O-O O-O 9. Qd3 Bb7 10. Qg3 {
Feinting at Bh6. Black should not take the threat too seriously since he can
meet it with ...Ne8. But in his anxiety to prevent the attack on g7, he
overlooks something more obvious.} Kh8 $2 11. Qxe5 d5 12. exd5 cxd5 13. Bd3 Bd6
14. Qf5 g6 $2 {The momentary thrill of booting the queen is not worth the
long-term agony of weak dark squares.} 15. Qf3 Qe7 16. Bg5 Be5 17. Rfe1 d4 18.
Ne4 {Perfectly adequate, but there is a sharper way to handle the position as
well.} (18. Rxe5 $1 Qxe5 19. Bxf6+ Kg8 20. Bxe5 Bxf3 21. Nb5 Bb7 22. Bxd4 {
leaves White overwhelmingly far ahead in material.}) 18... Bxe4 19. Rxe4 Rfe8
20. Rxe5 {So we get the same combination anyway!} Qxe5 21. Bxf6+ Kg8 22. Bxe5
Rad8 23. Qf6 Kf8 24. Bc4 Rd7 25. Bb5 Rxe5 26. Qxe5 Rd8 27. Qh8+ Ke7 28. Re1+ (
28. Re1+ {It's mate after} Kd6 29. Qe5#) 1-0

[Event "Michigan Open Reserve"]
[Site "Lansing, MI"]
[Date "2002.09.01"]
[Round "2.43"]
[White "Hershberger, Kent"]
[Black "Avery, Bill"]
[Result "1-0"]
[WhiteElo "1474"]
[BlackElo "1658"]
[Annotator "Tim McGrew"]
[PlyCount "44"]
[EventDate "2002.08.30"]

{French: Rubinstein} 1. e4 e6 2. d4 d5 3. Nd2 dxe4 4. Nxe4 Nd7 5. Nf3 Ngf6 6.
Ng3 c5 7. Bb5 $4 {Just before you drop a piece on an undefended square, look
for checks!} a6 $4 {When your opponent has dropped a piece on an undefended
square, look forchecks!} (7... Qa5+ $1 8. c3 Qxb5 $19) 8. Bxd7+ {Now things
proceed normally.} Bxd7 9. Bg5 cxd4 10. Qxd4 Be7 11. O-O-O (11. O-O-O {White
has annoying pressure on the d-file that prevents Black from castling:} O-O $2
12. Bxf6 {and} -- 13. Qxd7) (11. O-O-O {Black should counter it with} Bc6 {,
breaking the d-file pressure,}) (11. O-O-O {or} Rc8 {creating some threats of
his own.}) 11... Nd5 $2 {It takes only one careless move to wreck your whole
day.} 12. Bxe7 Qxe7 13. Qxg7 $1 Rf8 14. Qxh7 Nb4 15. Ne5 $2 {There goes a
piece on an undefended square again!} Ba4 $2 {Missing the golden opportunity.}
(15... Qg5+ $1 16. Kb1 Qxe5 $17) 16. Ne4 {Now Black will not get a second
chance.} Qc7 17. Nd6+ Ke7 18. Ng6+ (18. Qh4+) 18... Kf6 19. Ne4+ Kf5 20. Nxf8+
Ke5 21. f4+ Kxf4 22. Nxe6+ fxe6 1-0

[Event "Michigan Open Reserve"]
[Site "Lansing, MI"]
[Date "2002.09.01"]
[Round "5.8"]
[White "Hazzard, Bill"]
[Black "LeMaster, Terry"]
[Result "0-1"]
[WhiteElo "1573"]
[BlackElo "1784"]
[PlyCount "62"]
[EventDate "2002.08.30"]

1. d4 Nf6 2. c4 g6 3. Nc3 Bg7 4. e4 d6 5. Be3 O-O 6. Qd2 Ng4 7. Bg5 f6 8. h3
Nxf2 9. Qxf2 fxg5 10. Qe3 e5 11. d5 Qf6 12. g3 Qxf1+ 13. Kd2 Qxa1 14. Kc2 Qf1
15. Qxg5 Qg2+ 16. Nge2 Qxh1 17. Qe7 Qxh3 18. Qxc7 Qd7 19. Qa5 b6 20. Qa3 Na6
21. Nb5 Nc5 22. Qe3 Ba6 23. Nec3 Rac8 24. b3 Nxe4 25. Nxe4 Bxb5 26. Kc3 Bxc4
27. bxc4 Qa4 28. Nxd6 Rf3 29. Qxf3 Qa3+ 30. Kc2 Rxc4+ 31. Nxc4 Qxf3 0-1

[Event "Michigan Open Reserve"]
[Site "Lansing, MI"]
[Date "2002.09.01"]
[Round "5.20"]
[White "Harris, Harold"]
[Black "Monge, Jeff"]
[Result "0-1"]
[WhiteElo "1434"]
[BlackElo "1575"]
[PlyCount "69"]
[EventDate "2002.08.30"]

1. e4 e6 2. d4 d5 3. e5 c5 4. c3 Nc6 5. Nf3 Nge7 6. Bd3 Bd7 7. Bg5 Qb6 8. Qb3
c4 9. Qxb6 axb6 10. Bc2 b5 11. b4 cxb3 12. Bxb3 Na5 13. Nbd2 Nc4 14. O-O h6 15.
Bh4 Nf5 16. Bg3 Be7 17. Bc2 Nxg3 18. hxg3 O-O 19. Nb3 b6 20. Bd3 Ra3 21. Rfc1
Rfa8 22. Rc2 Rxb3 23. axb3 Rxa1+ 24. Kh2 Na5 25. b4 Nc4 26. Nd2 f5 27. Nb3 Ra3
28. Nc1 Be8 29. Be2 f4 30. Nd3 fxg3+ 31. Kxg3 Bg6 32. Rc1 Bxd3 33. Bxd3 Bxb4
34. cxb4 Rxd3+ 35. Kf4 0-1

[Event "Michigan Open"]
[Site "Lansing, MI"]
[Date "2002.09.01"]
[Round "4.9"]
[White "Hankinson, Chris"]
[Black "LaForge, Tom"]
[Result "1-0"]
[WhiteElo "2115"]
[BlackElo "1922"]
[PlyCount "109"]
[EventDate "2002.08.30"]

1. Nf3 d5 2. b3 Nf6 3. Bb2 g6 4. e3 Bg7 5. Be2 O-O 6. O-O Nbd7 7. d3 Re8 8. c4
c6 9. Nbd2 e5 10. cxd5 cxd5 11. Rc1 b6 12. Rc2 Ba6 13. e4 d4 14. Nc4 b5 15.
Ncd2 Qa5 16. a3 Rac8 17. b4 Qb6 18. Rxc8 Rxc8 19. Qa1 Ne8 20. Bd1 Qf6 21. Nb3
Nd6 22. Nbxd4 Qe7 23. Ne2 Re8 24. Bb3 Nb6 25. Rc1 Na4 26. Nc3 Nxb2 27. Qxb2 Bb7
28. a4 a6 29. a5 Bh6 30. Re1 Bg7 31. Nd2 Kh8 32. Bd5 f5 33. Nb3 fxe4 34. Bxb7
Nxb7 35. Nd5 Qd8 36. dxe4 Nd6 37. Qc2 Qh4 38. Nc5 Rc8 39. Qd3 h5 40. Nb6 Rf8
41. Rf1 Qe7 42. Nxa6 Bh6 43. Nc5 h4 44. Nd5 Qf7 45. Qc3 Nc4 46. f4 Kg8 47. f5
Nd2 48. Qxe5 Nxf1 49. Ne7+ Kh7 50. fxg6+ Qxg6 51. Nxg6 Be3+ 52. Kh1 Kxg6 53.
Qf5+ Rxf5 54. exf5+ Kxf5 55. a6 1-0

[Event "Michigan Open"]
[Site "Lansing, MI"]
[Date "2002.09.01"]
[Round "5.4"]
[White "Hamood, Al"]
[Black "Levi, Ariel"]
[Result "1/2-1/2"]
[WhiteElo "2033"]
[BlackElo "2164"]
[PlyCount "67"]
[EventDate "2002.08.30"]

1. e4 c5 2. Nf3 d6 3. d4 cxd4 4. Nxd4 Nf6 5. Nc3 g6 6. Be3 Bg7 7. f3 Nc6 8. Qd2
O-O 9. O-O-O Nxd4 10. Bxd4 Be6 11. h4 Qa5 12. Kb1 Rfc8 13. Nd5 Qxd2 14. Nxf6+
Bxf6 15. Rxd2 Bxd4 16. Rxd4 Rc5 17. Rb4 Rac8 18. c3 R8c7 19. Bd3 Kg7 20. Bc2
Kf6 21. Bb3 Bxb3 22. axb3 h5 23. Kc2 g5 24. Ra4 a6 25. b4 Re5 26. Ra5 Rxa5 27.
bxa5 gxh4 28. f4 Rc4 29. Kd3 Ra4 30. b4 Ra2 31. Rxh4 Rxg2 32. Rxh5 Ke6 33. Rh8
Kd7 34. Rb8 1/2-1/2